College Quizbowl Stats
College Quizbowl Stats
Circuits
Seasons
Sets
Records
Detailed Stats
About
Loading...
2024 Penn Bowl Texas
Tossups
Bonuses
Players
Teams
Categories (Tossup)
Categories (Bonus)
Dimitri Kefaleis
Texas A&M A
Categories
Category
Powers
Gets
Negs
BBs
Points
Earliest Buzz
Avg. Buzz
First Buzzes
Top 3 Buzzes
Science - Biology
0
1
0
0
10
90
90.00
1
1
Science - Other Science
0
1
0
0
10
89
89.00
1
1
Science - Physics
0
1
0
1
10
120
120.00
1
1
Literature - British Literature
0
0
0
0
0
0.00
0
0
Science - Chemistry
0
0
1
0
-5
0.00
0
0
Buzzes
Category
Answer
Value
Buzz Position
Science - Other Science
Edsger Dijkstra
10
89
Science - Biology
microtubules
10
90
Science - Chemistry
esters
-5
108
Science - Physics
fermions
10
120
Literature - British Literature
the Crucifixion of Jesus
0
136
Previous
1
Next